| 000 | 00975cam a2200277 i 4500 | ||
|---|---|---|---|
| 001 | 62490 | ||
| 003 | Mx-PuUPA | ||
| 005 | 20230902083155.0 | ||
| 008 | 150430s1990 mx a gr 000 0 spa d | ||
| 020 | _a9681320557 | ||
| 040 |
_cMx-PuUPA _bspa _erda _aMx-PuUPA _dMx-PuUPA |
||
| 041 | 0 | _aspa | |
| 100 | 1 |
_aCamiro Gutiérrez Zamora, Angel, _eautor _9387 |
|
| 245 | 1 | 3 |
_aLa imagen histórica de la Virgen de Guadalupe / _cÁngel Camiro Gutiérrez Zamora. |
| 250 |
_aPrimera edición / _boctubre |
||
| 264 | 1 |
_aMéxico, D.F. : _bEditorial Diana, _c©1990 |
|
| 300 |
_a196 páginas : _bilustraciones (a color y blanco y negro) ; _c24 cm |
||
| 336 |
_atexto _2rdacontent _btxt |
||
| 337 |
_asin medio _2rdamedia _bn |
||
| 338 |
_avolumen _2rdacarrier _bnc |
||
| 600 | 0 | 4 |
_aVirgen de Guadalupe _xCulto _xHistoria |
| 650 | 7 |
_aIglesia católica _zMéxico _xHistoria _2armarc |
|
| 942 |
_2ddc _cLI _h232.917 _iC172 |
||
| 999 |
_c62490 _d62490 |
||